00450cam a2200157ua 45000010005000000080039000050400009000440820012000531000033000652450070000982500009001682600033001773000023002106530014002336530045002472274110806n ii |||gr||||Z||||||asm cMAIN a371.207 aKakoty, Bidyananda,eAuthor.1 aSiksha arthaniti aru saikhik parikalpanacby Bidyananda barkakoty a1st. aDibrugarh:bBanalata,c2003. a190p:bill;c23cm. aEducation aSiksha arthaniti aru saikhik parikalpana